000 00368nam a2200157Ia 4500
999 _c2784
_d2784
003 OSt
005 20190921152857.0
008 190902s9999||||xx |||||||||||||| ||und||
020 _a978-0133131116
040 _cmaju
100 _aBovee Thill
245 0 _aBusiness Communication Today
260 _aLondon
_bThe McGraw-Hill
_c2003
300 _a606
942 _cBK
_2ddc